| 000 | 00716pam a2200205 a 4500 | ||
|---|---|---|---|
| 020 | _a0803960093 | ||
| 020 | _a0803960107 (pbk.) | ||
| 040 | _cDLC | ||
| 082 | 0 | 0 | _a371 COR 1992 A010 Or. |
| 100 | 1 | _aBlase, Joseph. | |
| 245 | 1 | 0 |
_aBringing out the best in teachers : _bwhat effective principals do / |
| 260 |
_aNewbury Park, Calif. : _bCorwin Press, _cc1992. |
||
| 300 | _axx, 135 p. cm. | ||
| 650 | 0 | _aTeacher-principal relationships. | |
| 700 | 1 | _aKirby, Peggy C. | |
| 856 | 4 | 2 | _uhttp://www.loc.gov/catdir/enhancements/fy0658/91032153-d.html |
| 856 | 4 | 1 | _uhttp://www.loc.gov/catdir/enhancements/fy0658/91032153-t.html |
| 856 | 4 | 2 | _uhttp://www.loc.gov/catdir/enhancements/fy0734/91032153-b.html |
| 942 | _cEK | ||
| 999 |
_c13608 _d13608 |
||